[Event "Stuttgarter Stadtmeisterschaft A-Turnie"]
[Site "Ditzingen"]
[Date "2009.05.24"]
[Round "7.7"]
[White "Hirneise, Jens"]
[Black "Schuh, Dirk"]
[Result "0-1"]
[WhiteElo "2308"]
[BlackElo "2313"]
[PlyCount "80"]
[EventDate "2009.??.??"]

1. e4 e6 2. d4 d5 3. Nc3 Nf6 4. e5 Nfd7 5. f4 c5 6. Nce2 f6 7. Nf3 Be7 8. g3
O-O 9. Bg2 Qb6 10. c3 Nc6 11. exf6 Nxf6 12. O-O Ne4 13. h4 cxd4 14. cxd4 Bd7
15. Kh2 Na5 16. Ne5 Bb5 17. Bh3 Qa6 18. Bg4 Nf6 19. Re1 Nxg4+ 20. Nxg4 Bd3 21.
Ne5 Be4 22. Nc3 Bf5 23. b3 Bb4 24. Bd2 Rfc8 25. Re3 Nc6 26. g4 Bxc3 27. Bxc3
Be4 28. Nd3 Ne7 29. Bb4 Ng6 30. Kg3 Qb6 31. Bc5 Qd8 32. g5 Qc7 33. h5 Bxd3 34.
hxg6 Bxg6 35. Rxe6 b6 36. Re7 Qd8 37. Bb4 a5 38. Ba3 Rc3+ 39. Kh2 Qc8 40. Qf1
Qg4 0-1

[Event "Stuttgarter Stadtmeisterschaft A-Turnie"]
[Site "Ditzingen"]
[Date "2009.05.24"]
[Round "7.8"]
[White "Strohhäker, Raoul"]
[Black "Fiderer, Lukas"]
[Result "1/2-1/2"]
[WhiteElo "2449"]
[BlackElo "2153"]
[PlyCount "57"]
[EventDate "2009.??.??"]

1. e4 c5 2. Nf3 Nc6 3. d4 cxd4 4. Nxd4 d5 5. Bb5 dxe4 6. Nxc6 Qxd1+ 7. Kxd1 a6
8. Ba4 Bd7 9. Nc3 Bxc6 10. Bxc6+ bxc6 11. Nxe4 e5 12. b3 f5 13. Ng3 O-O-O+ 14.
Ke2 g6 15. Bb2 Nf6 16. c4 f4 17. Nf1 Bc5 18. f3 Bd4 19. Bxd4 Rxd4 20. Nd2 Rhd8
21. Rad1 g5 22. Nb1 e4 23. Rxd4 Rxd4 24. fxe4 Nxe4 25. Rc1 Kd7 26. Nc3 Nxc3+
27. Rxc3 g4 28. Rd3 c5 29. Rxd4+ 1/2-1/2

[Event "Stuttgarter Stadtmeisterschaft A-Turnie"]
[Site "Ditzingen"]
[Date "2009.05.24"]
[Round "7.10"]
[White "Weber, Tom"]
[Black "Kunze, Holger"]
[Result "1/2-1/2"]
[WhiteElo "2315"]
[BlackElo "2174"]
[PlyCount "39"]
[EventDate "2009.??.??"]

1. e4 d5 2. exd5 Qxd5 3. Nc3 Qa5 4. d4 c6 5. Nf3 Bf5 6. Bd2 e6 7. Nh4 Bg6 8.
Nxg6 hxg6 9. Qf3 Qc7 10. O-O-O Nf6 11. Bc4 Nbd7 12. h4 O-O-O 13. Bb3 Nb6 14.
Bg5 Be7 15. Kb1 Rd7 16. Ne2 Rhd8 17. Bf4 Bd6 18. Bg5 Be7 19. Bf4 Bd6 20. Bg5
1/2-1/2

[Event "Stuttgarter Stadtmeisterschaft A-Turnie"]
[Site "Ditzingen"]
[Date "2009.05.24"]
[Round "7.11"]
[White "Reck, Moritz"]
[Black "Raupp, Thomas"]
[Result "1/2-1/2"]
[WhiteElo "2149"]
[BlackElo "2311"]
[PlyCount "82"]
[EventDate "2009.??.??"]

1. g3 c5 2. Bg2 Nc6 3. e4 g6 4. Nc3 Bg7 5. d3 d6 6. f4 e6 7. Be3 Nge7 8. Nf3
O-O 9. O-O Nd4 10. Rb1 Rb8 11. Ne2 Nxf3+ 12. Rxf3 b6 13. c3 Bb7 14. Rf2 f5 15.
Qb3 Qd7 16. Re1 Kh8 17. h3 Ng8 18. Kh2 Nf6 19. Qc2 Bc6 20. Ng1 Qb7 21. Bc1 Rbe8
22. exf5 exf5 23. Bxc6 Qxc6 24. Rfe2 Rxe2+ 25. Rxe2 Re8 26. Rxe8+ Qxe8 27. Nf3
Qe6 28. a3 h6 29. Kg2 Kg8 30. Kf2 b5 31. Qe2 Kf7 32. Qxe6+ Kxe6 33. Nh4 Kf7 34.
Nf3 Nd7 35. c4 a6 36. b3 Ke6 37. Nh4 Nf8 38. g4 Bc3 39. Ke2 Bf6 40. gxf5+ gxf5
41. Ng2 Ng6 1/2-1/2

[Event "Stuttgarter Stadtmeisterschaft A-Turnie"]
[Site "Ditzingen"]
[Date "2009.05.24"]
[Round "7.12"]
[White "Nabavi, Parwis"]
[Black "Gheng, Josef"]
[Result "1-0"]
[WhiteElo "2126"]
[BlackElo "2310"]
[PlyCount "155"]
[EventDate "2009.??.??"]

1. d4 Nf6 2. c4 g6 3. Nc3 Bg7 4. e4 O-O 5. Nf3 d6 6. Be2 Nc6 7. d5 Nb4 8. O-O
a5 9. Bg5 h6 10. Bd2 Na6 11. Qc2 Nc5 12. Rad1 e5 13. b3 Nh5 14. Be3 Nf4 15.
Bxc5 dxc5 16. Kh1 Ra6 17. Qd2 Qe7 18. Ng1 f5 19. Bf3 g5 20. exf5 Bxf5 21. Be4
Bg4 22. f3 Bc8 23. Bb1 h5 24. Qe3 Rh6 25. Rf2 b6 26. Ne4 h4 27. Rfd2 Bf5 28.
Nf2 e4 29. Bxe4 Re8 30. Ne2 h3 31. g3 Ng2 32. Qd3 Bd7 33. Qc2 Ne3 34. Qd3 Nxd1
35. Rxd1 Rf8 36. g4 Be5 37. Ng3 Bxg3 38. hxg3 h2 39. Kg2 Qe5 40. Rh1 Qb2 41.
Qe3 Qf6 42. Nh3 Kg7 43. Qxg5+ Qxg5 44. Nxg5 Re8 45. Rxh2 Rxh2+ 46. Kxh2 Kh6 47.
Nf7+ Kg7 48. Ng5 Kf6 49. Nh7+ Ke5 50. g5 Bf5 51. Nf6 Rh8+ 52. Kg2 Bh3+ 53. Kf2
Bc8 54. Ke3 Rh3 55. f4+ Kd6 56. Kf3 Ke7 57. Kg2 Rh8 58. f5 Rf8 59. g4 Rxf6 60.
gxf6+ Kxf6 61. Kf3 Kg5 62. Kg3 Bd7 63. f6 Kxf6 64. Kf4 Be8 65. g5+ Ke7 66. Ke5
Bh5 67. Bh7 Bd1 68. Be4 a4 69. bxa4 Be2 70. d6+ cxd6+ 71. Kd5 Kd7 72. Bf5+ Kc7
73. g6 Bf3+ 74. Ke6 Be2 75. g7 Bxc4+ 76. Ke7 Bg8 77. Kf8 Bxa2 78. Bg6 1-0

[Event "Stuttgarter Stadtmeisterschaft A-Turnie"]
[Site "Ditzingen"]
[Date "2009.05.24"]
[Round "7.13"]
[White "Wagner, Florian"]
[Black "Günthner, Arthur"]
[Result "1-0"]
[WhiteElo "2302"]
[BlackElo "1771"]
[PlyCount "57"]
[EventDate "2009.??.??"]

1. e4 d6 2. d4 Nf6 3. Nc3 e5 4. Nge2 Nbd7 5. h3 c6 6. a4 b6 7. Be3 Be7 8. g4 h6
9. Bg2 Qc7 10. O-O O-O 11. Ng3 exd4 12. Bxd4 Ne5 13. b3 Rd8 14. f4 Ng6 15. Nf5
Bxf5 16. gxf5 Nf8 17. Qe2 Rac8 18. Rad1 Ne8 19. Kh1 Bf6 20. e5 dxe5 21. fxe5
Rxd4 22. Rxd4 Bxe5 23. Rc4 Bxc3 24. Rxc3 c5 25. Re3 Nf6 26. Re7 Qb8 27. Qc4 Nh5
28. Qxf7+ Kh8 29. Qxh5 1-0

[Event "Stuttgarter Stadtmeisterschaft A-Turnie"]
[Site "Ditzingen"]
[Date "2009.05.24"]
[Round "7.14"]
[White "Steinbach, Peter"]
[Black "Kabisch, Thilo"]
[Result "0-1"]
[WhiteElo "2060"]
[BlackElo "2297"]
[PlyCount "95"]
[EventDate "2009.??.??"]

1. d4 Nf6 2. c4 g6 3. Nc3 Bg7 4. e4 d6 5. Nf3 O-O 6. Be2 e5 7. O-O Nc6 8. d5
Ne7 9. Nd2 c5 10. a3 Ne8 11. b4 Bd7 12. bxc5 dxc5 13. Rb1 Rb8 14. Nb3 b6 15. f3
Nd6 16. Be3 f5 17. Nd2 Kh8 18. Kh1 Ng8 19. Qe1 Rf7 20. a4 Qf8 21. Nb5 Bxb5 22.
cxb5 Bh6 23. Bxh6 Nxh6 24. exf5 gxf5 25. Nc4 Nxc4 26. Bxc4 Qd6 27. f4 e4 28.
Qc3+ Qf6 29. Qe5 Rbf8 30. d6 Ng4 31. Qb2 Qxb2 32. Rxb2 Rd7 33. Re1 Rxd6 34. h3
Nf6 35. Ra2 Nh5 36. Rf2 Kg7 37. g4 fxg4 38. hxg4 Rxf4 39. Rxf4 Nxf4 40. Rxe4
Rd4 41. Re7+ Kf6 42. Rf7+ Kg6 43. Ba2 c4 44. Rf5 Rd1+ 45. Kh2 Rd2+ 46. Kg3 Ne2+
47. Kg2 Rxa2 48. Rf2 0-1

[Event "Stuttgarter Stadtmeisterschaft A-Turnie"]
[Site "Ditzingen"]
[Date "2009.05.24"]
[Round "7.15"]
[White "Dudek, Richard"]
[Black "Imhof, Thomas"]
[Result "1-0"]
[WhiteElo "2254"]
[BlackElo "2120"]
[PlyCount "85"]
[EventDate "2009.??.??"]

1. e4 c5 2. Nc3 Nc6 3. g3 g6 4. Bg2 Bg7 5. d3 Nf6 6. f4 d6 7. Nf3 O-O 8. O-O
Rb8 9. h3 b5 10. a3 b4 11. axb4 cxb4 12. Ne2 Nd7 13. d4 e5 14. Kh2 a5 15. fxe5
dxe5 16. d5 Ne7 17. Be3 Ba6 18. Rf2 Nf6 19. Nd2 Ne8 20. c4 bxc3 21. bxc3 f5 22.
c4 Nf6 23. Nc3 f4 24. gxf4 exf4 25. Rxf4 Nh5 26. Rxf8+ Kxf8 27. Ne2 Qc7+ 28.
Kg1 Bxa1 29. Qxa1 Ng8 30. Nd4 Ke8 31. Nc6 Ra8 32. e5 Bb7 33. Ne4 Bxc6 34. Nd6+
Kd8 35. dxc6 Ng3 36. Nb5 Qc8 37. Bg5+ Ne7 38. Qd1+ Ke8 39. Nd6+ Kf8 40. Nxc8
Rxc8 41. Bxe7+ Kxe7 42. Qd7+ Kf8 43. Qxc8+ 1-0

[Event "Stuttgarter Stadtmeisterschaft A-Turnie"]
[Site "Ditzingen"]
[Date "2009.05.24"]
[Round "7.16"]
[White "Wettengel, Alexander"]
[Black "Germer, Philipp"]
[Result "1-0"]
[WhiteElo "2074"]
[BlackElo "2177"]
[PlyCount "129"]
[EventDate "2009.??.??"]

1. e4 e6 2. d3 d5 3. Nd2 Nf6 4. Ngf3 b6 5. g3 dxe4 6. dxe4 Bc5 7. Bg2 Ba6 8. c4
Qd3 9. b4 Bxf2+ 10. Kxf2 Bxc4 11. Nxc4 Qxc4 12. Re1 Qxb4 13. Qd4 Nc6 14. Qxb4
Nxb4 15. Re2 Nd3+ 16. Kg1 Nxc1 17. Rxc1 c5 18. e5 Nd5 19. Ng5 Rd8 20. Rd2 Ke7
21. Rf1 Rhf8 22. Rdf2 f5 23. exf6+ Rxf6 24. Nxh7 Rxf2 25. Rxf2 Ne3 26. Rf3 Rd1+
27. Kf2 Nf5 28. Ke2 Rg1 29. Rf2 Ra1 30. Kd3 b5 31. Ng5 a5 32. Ne4 c4+ 33. Kc3
Ne3 34. Re2 Nd5+ 35. Kb2 Rg1 36. Nc3 Nxc3 37. Kxc3 Kd6 38. a4 b4+ 39. Kxc4 Rc1+
40. Kb3 Rc3+ 41. Kb2 Ra3 42. Be4 Rxa4 43. Re3 b3 44. Kxb3 Rb4+ 45. Kc3 Ke5 46.
Bc2+ Kf6 47. Rf3+ Ke5 48. h4 Rg4 49. Re3+ Kf6 50. Bd1 Rb4 51. Bb3 Rb6 52. Rf3+
Kg6 53. Rf4 Rc6+ 54. Kd4 Rb6 55. Bc2+ Kh6 56. g4 Rb5 57. Rf8 g6 58. Rc8 Kg7 59.
Bd3 Rb2 60. Rc7+ Kf8 61. Bxg6 Rg2 62. Bh5 Rh2 63. Ke5 Rxh4 64. Kf6 Kg8 65. Bg6
1-0

[Event "Stuttgarter Stadtmeisterschaft A-Turnie"]
[Site "Ditzingen"]
[Date "2009.05.24"]
[Round "7.17"]
[White "Guballa, Jens"]
[Black "Reich, Thomas"]
[Result "0-1"]
[WhiteElo "2033"]
[BlackElo "2393"]
[PlyCount "70"]
[EventDate "2009.??.??"]

1. d4 d5 2. Nf3 Nf6 3. c4 e6 4. Nc3 Be7 5. Bg5 O-O 6. e3 h6 7. Bh4 b6 8. Be2
Bb7 9. O-O Nbd7 10. Rc1 Ne4 11. Bxe7 Qxe7 12. cxd5 exd5 13. Qa4 a6 14. Rfd1
Nxc3 15. Rxc3 c5 16. dxc5 bxc5 17. b4 d4 18. Rc2 Be4 19. Rcc1 d3 20. Bxd3 Bxf3
21. gxf3 cxb4 22. Rc4 a5 23. Bh7+ Kxh7 24. Rxd7 Qf6 25. Rf4 Qg6+ 26. Rg4 Qb1+
27. Kg2 Ra6 28. Qb5 Rg6 29. Qxa5 Rc8 30. Rxf7 Rc1 31. Qb5 Rg1+ 32. Kh3 Rg5 33.
Rxg5 Rxg5 34. Qc4 Qg6 35. Rf4 Qh5+ 0-1

[Event "Stuttgarter Stadtmeisterschaft A-Turnie"]
[Site "Ditzingen"]
[Date "2009.05.24"]
[Round "7.18"]
[White "Holzhäuer, Mathias"]
[Black "Huhn, Stefan"]
[Result "1-0"]
[WhiteElo "2335"]
[BlackElo "2090"]
[PlyCount "77"]
[EventDate "2009.??.??"]

1. e4 c5 2. a3 g6 3. c3 Bg7 4. Nf3 d5 5. exd5 Qxd5 6. d4 cxd4 7. cxd4 Nf6 8.
Nc3 Qd8 9. Be2 O-O 10. O-O e6 11. Bg5 Qb6 12. Qd2 Nc6 13. Rad1 Ne7 14. Ne5 Ned5
15. Bf3 a6 16. Rfe1 Qd6 17. Rc1 Bd7 18. Nc4 Qc7 19. Nxd5 Nxd5 20. Ne3 Qd6 21.
Nxd5 exd5 22. Be7 Qb6 23. Bxf8 Rxf8 24. Bxd5 Bxd4 25. Re7 Bc6 26. Bxc6 bxc6 27.
b4 c5 28. Rce1 cxb4 29. axb4 Qf6 30. Re8 Rxe8 31. Rxe8+ Kg7 32. Re4 Bb6 33. g3
a5 34. b5 Qa1+ 35. Kg2 a4 36. Qd6 a3 37. Qxb6 a2 38. Qa6 Qb1 39. Ra4 1-0

[Event "Stuttgarter Stadtmeisterschaft A-Turnie"]
[Site "Ditzingen"]
[Date "2009.05.24"]
[Round "7.19"]
[White "Kunz, Konstantin"]
[Black "Jüttner, Andreas"]
[Result "1/2-1/2"]
[WhiteElo "2263"]
[BlackElo "2083"]
[PlyCount "60"]
[EventDate "2009.??.??"]

1. d4 d5 2. c4 c6 3. Nc3 Nf6 4. cxd5 cxd5 5. Bf4 Nc6 6. e3 a6 7. Bd3 e6 8. Rc1
Bd6 9. Bxd6 Qxd6 10. f4 O-O 11. Nf3 b5 12. O-O Bb7 13. g4 Ne7 14. Ng5 h6 15.
Nh3 Ne4 16. f5 Nf6 17. g5 hxg5 18. Nxg5 exf5 19. Bxf5 Nxf5 20. Rxf5 Bc8 21. Re5
b4 22. Na4 Ng4 23. Rxc8 Nxe5 24. Rxa8 Rxa8 25. dxe5 Qxe5 26. Qh5 Qxe3+ 27. Kg2
Qd2+ 28. Kg3 Qe1+ 29. Kg2 Qd2+ 30. Kg3 Qe1+ 1/2-1/2

[Event "Stuttgarter Stadtmeisterschaft A-Turnie"]
[Site "Ditzingen"]
[Date "2009.05.24"]
[Round "7.20"]
[White "Krockenberger, Martin"]
[Black "Steinhart, Christoph"]
[Result "1-0"]
[WhiteElo "2216"]
[BlackElo "2013"]
[PlyCount "79"]
[EventDate "2009.??.??"]

1. Nf3 Nf6 2. c4 g6 3. Nc3 Bg7 4. d4 d6 5. e4 O-O 6. Be2 Nbd7 7. O-O e5 8. Be3
h6 9. h3 a5 10. Qd2 Kh7 11. Rad1 Qe7 12. dxe5 dxe5 13. Nd5 Nxd5 14. cxd5 f5 15.
Qc2 f4 16. Bd2 Nf6 17. Bc3 Ne8 18. Rc1 Rf7 19. Rfd1 Nd6 20. Nd2 b6 21. b4 Ba6
22. Bxa6 Rxa6 23. Qd3 Ra7 24. bxa5 bxa5 25. Bb2 Qe8 26. Rc6 Qb8 27. Ba3 Nb5 28.
Bc5 Rb7 29. a4 Nd4 30. Bxd4 exd4 31. e5 Rf5 32. Nf3 Qe8 33. Rdc1 Qf7 34. Qe4 d3
35. e6 Qe7 36. Qxd3 Be5 37. Nxe5 Rxe5 38. Qa6 Rb6 39. Rxb6 cxb6 40. Qxb6 1-0

[Event "Stuttgarter Stadtmeisterschaft A-Turnie"]
[Site "Ditzingen"]
[Date "2009.05.24"]
[Round "7.21"]
[White "Vaysberg, Alexander"]
[Black "Wenninger, Philipp"]
[Result "1-0"]
[WhiteElo "2190"]
[BlackElo "1984"]
[PlyCount "162"]
[EventDate "2009.??.??"]

1. e4 c6 2. d4 d5 3. exd5 cxd5 4. c4 Nf6 5. Nc3 e6 6. Nf3 Be7 7. Bd3 O-O 8. c5
b6 9. b4 a5 10. Na4 Nbd7 11. c6 Bxb4+ 12. Bd2 Bxd2+ 13. Qxd2 Nb8 14. Ne5 Qc7
15. Rb1 Ne4 16. Qc2 f6 17. Nxb6 Ra7 18. f3 fxe5 19. fxe4 Qxc6 20. exd5 Qxc2 21.
Bxc2 exd5 22. dxe5 Re7 23. Nxc8 Rxc8 24. Kd2 Rxe5 25. Rb5 Nc6 26. Bb3 Rd8 27.
Re1 Rg5 28. Kc3 h6 29. Rd1 Kh8 30. Rbxd5 Rdxd5 31. Bxd5 Ne7 32. Be4 g6 33. Rd7
Nf5 34. Rd5 Rg4 35. Kd3 a4 36. g3 Kg7 37. a3 Nxg3 38. Bf3 Rh4 39. hxg3 Rh3 40.
Ra5 Rxg3 41. Ke3 g5 42. Rxa4 Rg1 43. Ra7+ Kg6 44. Ra6+ Kg7 45. Be4 h5 46. a4 h4
47. a5 Ra1 48. Rg6+ Kf7 49. Rxg5 Ke7 50. Bb7 Kd7 51. a6 Kc7 52. Rh5 h3 53. Kf2
Ra3 54. Kg1 Ra2 55. Rxh3 Kb6 56. Rf3 Ka7 57. Rf2 Ra3 58. Kg2 Kb6 59. Rf3 Ra4
60. Kf2 Ka7 61. Ke3 Kb6 62. Rf4 Ra1 63. Rb4+ Ka7 64. Kd4 Rc1 65. Rc4 Rg1 66.
Kc5 Rg3 67. Rb4 Rc3+ 68. Rc4 Rg3 69. Rd4 Rg1 70. Rd7 Rc1+ 71. Kd6 Kb6 72. Ke7
Rc3 73. Kd8 Ka7 74. Rc7 Rg3 75. Rd7 Rc3 76. Bc8+ Ka8 77. Rc7 Rg3 78. Be6 Rd3+
79. Rd7 Ra3 80. Bd5+ Kb8 81. Rb7+ Ka8 1-0

[Event "Stuttgarter Stadtmeisterschaft A-Turnie"]
[Site "Ditzingen"]
[Date "2009.05.24"]
[Round "7.22"]
[White "Osmanovic, Faruk"]
[Black "Lange, Jan-David"]
[Result "1-0"]
[WhiteElo "2081"]
[BlackElo "2122"]
[PlyCount "63"]
[EventDate "2009.??.??"]

1. e4 c5 2. Nf3 Nc6 3. Bb5 g6 4. O-O Bg7 5. Re1 e6 6. c3 Nge7 7. Na3 O-O 8. Nc2
d5 9. d3 dxe4 10. dxe4 e5 11. Be3 b6 12. Qc1 Bg4 13. Be2 Nc8 14. Bh6 Nd6 15.
Bxg7 Kxg7 16. Ne3 Be6 17. Qc2 f5 18. exf5 Nxf5 19. Bb5 Nce7 20. Nxe5 Nxe3 21.
Rxe3 Nf5 22. Ree1 Qg5 23. Nf3 Qf6 24. Qe2 Bf7 25. Qe5 Rad8 26. Qxf6+ Kxf6 27.
Ne5 Be6 28. Ng4+ Kf7 29. Rad1 Nd6 30. Ne5+ Kf6 31. Bc6 Kg7 32. Nxg6 1-0

[Event "Stuttgarter Stadtmeisterschaft A-Turnie"]
[Site "Ditzingen"]
[Date "2009.05.24"]
[Round "7.23"]
[White "Braun, Joachim"]
[Black "Heining, Thomas"]
[Result "1-0"]
[WhiteElo "2114"]
[BlackElo "2074"]
[PlyCount "103"]
[EventDate "2009.??.??"]

1. e4 c5 2. Nf3 d6 3. d4 cxd4 4. Qxd4 Nc6 5. Bb5 Bd7 6. Bxc6 Bxc6 7. Nc3 Nf6 8.
Bg5 e6 9. O-O-O Be7 10. Rhe1 O-O 11. Qd2 Qc7 12. Nd4 a5 13. a4 Rfd8 14. f3 Be8
15. Ndb5 Qc5 16. Be3 Qb4 17. Qe2 Bxb5 18. Qxb5 Rac8 19. Bb6 Re8 20. Rd4 Qxb5
21. Nxb5 Rc6 22. Bxa5 Ra8 23. Bc3 e5 24. Rb4 Nd7 25. Bd2 Nc5 26. Nc3 h6 27. Kb1
Rca6 28. b3 Bd8 29. Rd1 Kf8 30. Nb5 Ke7 31. Be3 Rc6 32. Nc3 Rb8 33. Rc4 Na6 34.
Nd5+ Ke6 35. Rc3 Rbc8 36. Rxc6 bxc6 37. Nb6 Rb8 38. a5 Bc7 39. Kb2 h5 40. g3 g6
41. c3 Bxb6 42. Bxb6 c5 43. Ka3 Rc8 44. Ka4 Kd7 45. Kb5 Nc7+ 46. Bxc7 Kxc7 47.
b4 Rb8+ 48. Kc4 Ra8 49. Ra1 cxb4 50. cxb4 Kc6 51. b5+ Kd7 52. Kb4 1-0

[Event "Stuttgarter Stadtmeisterschaft A-Turnie"]
[Site "Ditzingen"]
[Date "2009.05.24"]
[Round "7.24"]
[White "White, Herbert"]
[Black "Scheeff, Volker"]
[Result "0-1"]
[WhiteElo "1923"]
[BlackElo "2111"]
[PlyCount "76"]
[EventDate "2009.??.??"]

1. d4 e6 2. c4 b6 3. Nf3 Bb7 4. e3 f5 5. Bd2 Nf6 6. Nc3 Bd6 7. Be2 O-O 8. Qb3
Ne4 9. h4 Qf6 10. Nb5 Nc6 11. Nxd6 cxd6 12. Rd1 Rac8 13. O-O Nxd2 14. Rxd2 Na5
15. Qb4 Bxf3 16. Bxf3 Nxc4 17. Rc2 d5 18. g3 Rc6 19. Rfc1 Rfc8 20. Be2 Qf8 21.
Qa4 Nxb2 22. Qb3 Nc4 23. Bxc4 dxc4 24. Rxc4 Qd6 25. Qa4 a5 26. R1c2 Kf7 27. Qb3
Rxc4 28. Rxc4 Rxc4 29. Qxc4 Qc6 30. Qb3 b5 31. Qd1 g6 32. Qd2 b4 33. Qe2 a4 34.
Qd3 Qb7 35. h5 b3 36. hxg6+ hxg6 37. Kf1 b2 38. Qb1 Qh1+ 0-1

[Event "Stuttgarter Stadtmeisterschaft A-Turnie"]
[Site "Ditzingen"]
[Date "2009.05.24"]
[Round "7.26"]
[White "Schuster, Gerhard"]
[Black "Aring, Gerd"]
[Result "0-1"]
[WhiteElo "2038"]
[BlackElo "2218"]
[PlyCount "76"]
[EventDate "2009.??.??"]

1. e4 c5 2. Nf3 Nc6 3. Bb5 g6 4. O-O Bg7 5. Re1 Nf6 6. e5 Nd5 7. Nc3 Nc7 8.
Bxc6 dxc6 9. h3 O-O 10. d3 b6 11. Qe2 Be6 12. Qe4 Bd5 13. Qg4 Bxf3 14. Qxf3 Qd7
15. Re4 Ne6 16. Ne2 f5 17. exf6 exf6 18. Rb1 f5 19. Rc4 b5 20. Rh4 Rae8 21. Bh6
Bxh6 22. Rxh6 Ng5 23. Qg3 Nf7 24. Rxg6+ hxg6 25. Qxg6+ Kh8 26. Qf6+ Kh7 27. Nf4
Ne5 28. Qh4+ Kg8 29. Nh5 Qf7 30. f4 Ng6 31. Qg5 Kh7 32. Ng3 Qf6 33. Qh5+ Kg7
34. Rf1 Rf7 35. Qf3 Nh4 36. Nh5+ Kh6 37. Nxf6 Nxf3+ 38. Rxf3 Rxf6 0-1

[Event "Stuttgarter Stadtmeisterschaft A-Turnie"]
[Site "Ditzingen"]
[Date "2009.05.24"]
[Round "7.27"]
[White "Wenner, Tobias"]
[Black "Gheng, Simona"]
[Result "1-0"]
[WhiteElo "2202"]
[BlackElo "2035"]
[PlyCount "57"]
[EventDate "2009.??.??"]

1. Nf3 c5 2. c4 e6 3. g3 d5 4. Bg2 Nf6 5. b3 Be7 6. Bb2 O-O 7. e3 Nc6 8. O-O
dxc4 9. bxc4 Qd3 10. Qb3 Rd8 11. Rd1 Na5 12. Qxd3 Rxd3 13. Ne5 Rd6 14. Bc3 Ra6
15. Na3 Nd7 16. Nxd7 Bxd7 17. Nb5 Rc8 18. d3 Bf6 19. Bxf6 gxf6 20. Nc3 Bc6 21.
Rab1 Bxg2 22. Kxg2 Rd8 23. Kf3 b6 24. Ke2 Nc6 25. a4 Nb4 26. d4 Nc6 27. d5 Ne5
28. dxe6 Rxd1 29. e7 1-0

[Event "Stuttgarter Stadtmeisterschaft A-Turnie"]
[Site "Ditzingen"]
[Date "2009.05.24"]
[Round "7.28"]
[White "Arounopoulos, Stephan"]
[Black "Schulte, Torsten"]
[Result "1/2-1/2"]
[WhiteElo "1998"]
[BlackElo "2201"]
[PlyCount "93"]
[EventDate "2009.??.??"]

1. d4 Nf6 2. Nf3 g6 3. c4 Bg7 4. Nc3 d5 5. cxd5 Nxd5 6. e4 Nxc3 7. bxc3 O-O 8.
Rb1 c5 9. Be2 Nc6 10. d5 Ne5 11. Nxe5 Bxe5 12. Qd2 e6 13. f4 Bg7 14. c4 Re8 15.
e5 f6 16. d6 fxe5 17. Bb2 exf4 18. Bxg7 Kxg7 19. O-O e5 20. d7 Re7 21. dxc8=Q
Rxc8 22. Qd5 b6 23. Bf3 Qf8 24. Rbd1 Rcc7 25. Be4 Qc8 26. Rfe1 Qe8 27. Qd8 Qxd8
28. Rxd8 Rcd7 29. Rxd7 Rxd7 30. Bd5 Kf6 31. a4 g5 32. h3 h5 33. Kf2 g4 34. hxg4
hxg4 35. Rh1 Re7 36. a5 e4 37. axb6 axb6 38. Rh6+ Ke5 39. Rxb6 Kd4 40. Rb2 Ra7
41. Rd2+ Kc3 42. Re2 g3+ 43. Kf1 Ra1+ 44. Re1 Rxe1+ 45. Kxe1 f3 46. Bxe4 fxg2
47. Bxg2 1/2-1/2

[Event "Stuttgarter Stadtmeisterschaft A-Turnie"]
[Site "Ditzingen"]
[Date "2009.05.24"]
[Round "7.29"]
[White "Siegle, Florian"]
[Black "Daubenfeld, Gilles"]
[Result "1-0"]
[WhiteElo "2013"]
[BlackElo "2151"]
[PlyCount "84"]
[EventDate "2009.??.??"]

1. e4 c5 2. Nf3 d6 3. Bb5+ Bd7 4. Bxd7+ Qxd7 5. O-O Nf6 6. e5 dxe5 7. Nxe5 Qc7
8. d4 cxd4 9. Qxd4 e6 10. Rd1 Nc6 11. Nxc6 Qxc6 12. Nc3 Be7 13. Qa4 Qxa4 14.
Nxa4 Rc8 15. Be3 O-O 16. Rac1 Nd5 17. Bd2 Rfd8 18. c4 Nf6 19. b3 Rd7 20. Be3
Rcd8 21. Rxd7 Rxd7 22. Bxa7 Ba3 23. Ra1 Rd2 24. Bc5 Bb2 25. Be3 Bxa1 26. Bxd2
Ne4 27. Be3 Kf8 28. f3 Nd6 29. Nb6 Ke8 30. Kf1 Kd8 31. Ke2 Kc7 32. Kd3 Nf5 33.
Bf2 Kc6 34. a4 Be5 35. g4 Ne7 36. h3 Bc7 37. a5 f5 38. b4 Bd6 39. b5+ Kc7 40.
c5 Bf4 41. Be3 Ng6 42. gxf5 exf5 1-0

[Event "Stuttgarter Stadtmeisterschaft A-Turnie"]
[Site "Ditzingen"]
[Date "2009.05.24"]
[Round "7.30"]
[White "Meyner, Hannes"]
[Black "Braun, Georg"]
[Result "1-0"]
[WhiteElo "2122"]
[BlackElo "1990"]
[PlyCount "83"]
[EventDate "2009.??.??"]

1. d4 Nf6 2. Nf3 g6 3. c4 c5 4. d5 b5 5. cxb5 a6 6. Qc2 d6 7. e4 Bg7 8. Nc3 O-O
9. a4 axb5 10. Bxb5 Na6 11. h3 Nb4 12. Qe2 e6 13. dxe6 fxe6 14. Bg5 h6 15. Be3
Bb7 16. e5 Nfd5 17. O-O-O Nxc3 18. bxc3 Bxf3 19. gxf3 Nd5 20. Qc2 Qa5 21. c4
Nxe3 22. fxe3 dxe5 23. Qd2 Qxd2+ 24. Rxd2 e4 25. f4 Bc3 26. Rd6 Kf7 27. Kc2 Ba5
28. Rhd1 Ke7 29. Bd7 Rf6 30. Bc6 Ra7 31. Rd7+ Rxd7 32. Rxd7+ Kf8 33. Ra7 e5 34.
Bxe4 Bd8 35. fxe5 Re6 36. Ra8 Ke7 37. a5 Rxe5 38. Kd3 Re6 39. a6 Bc7 40. Bd5
Rf6 41. Ra7 Kd7 42. Rxc7+ 1-0

[Event "Stuttgarter Stadtmeisterschaft A-Turnie"]
[Site "Ditzingen"]
[Date "2009.05.24"]
[Round "7.31"]
[White "Feller, Florian"]
[Black "Bräunlin, Klaus"]
[Result "1-0"]
[WhiteElo "1836"]
[BlackElo "2109"]
[PlyCount "164"]
[EventDate "2009.??.??"]

1. e4 c6 2. d4 d5 3. Nc3 g6 4. Nf3 dxe4 5. Nxe4 Bg7 6. Bc4 Nd7 7. O-O Nb6 8.
Bb3 Nh6 9. c3 O-O 10. Bd2 Nf5 11. Qc1 Nd6 12. Ng3 Nbc4 13. Bh6 Be6 14. Bxg7
Kxg7 15. Re1 Bd5 16. Bd1 b5 17. b3 Nb6 18. Ne5 f6 19. Ng4 Nf7 20. f4 Qd7 21.
Qc2 a5 22. Qe2 h5 23. Nf2 f5 24. Nd3 h4 25. Nf1 b4 26. Nc5 Qd6 27. c4 Be4 28.
Qf2 Nd7 29. Nxe4 fxe4 30. Bc2 h3 31. g3 e5 32. dxe5 Nfxe5 33. Bxe4 Ng4 34. Qb2+
Kh7 35. Rad1 Qc7 36. Bf3 Ndf6 37. Ne3 Nh6 38. Qd4 Rad8 39. Qc5 Rfe8 40. Rxd8
Qxd8 41. Rd1 Qe7 42. Qxe7+ Rxe7 43. Kf2 c5 44. Nd5 Nhg4+ 45. Kg1 Ra7 46. Nxf6+
Nxf6 47. Kf2 a4 48. g4 Kg7 49. Kg3 a3 50. Kxh3 Rd7 51. Rxd7+ Nxd7 52. g5 Nb6
53. Be4 Nc8 54. Kg4 Nd6 55. Bd3 Nf7 56. h4 Nd8 57. Kf3 Ne6 58. Ke4 Nd4 59. Bb1
Ne2 60. Kd5 Nc3+ 61. Kxc5 Nxb1 62. Kxb4 Kf7 63. c5 Ke6 64. c6 Nd2 65. Kxa3 Kd6
66. Kb4 Nf3 67. Kc4 Nxh4 68. c7 Kxc7 69. Kd4 Kd7 70. a4 Nf5+ 71. Ke5 Ke7 72. a5
Nd6 73. a6 Nc8 74. f5 gxf5 75. Kxf5 Kf7 76. g6+ Kg7 77. Ke6 Kxg6 78. Kd7 Na7
79. Kc7 Kf6 80. Kb7 Nb5 81. a7 Nd4 82. a8=Q Nxb3 1-0

[Event "Stuttgarter Stadtmeisterschaft A-Turnie"]
[Site "Ditzingen"]
[Date "2009.05.24"]
[Round "7.32"]
[White "Fingerhut, Armin"]
[Black "König, Dirk"]
[Result "0-1"]
[WhiteElo "1961"]
[BlackElo "2108"]
[PlyCount "120"]
[EventDate "2009.??.??"]

1. e4 d6 2. d4 g6 3. Nc3 Nf6 4. f4 Bg7 5. Nf3 O-O 6. Be3 Nbd7 7. Qd2 c5 8.
O-O-O Ng4 9. Bg1 cxd4 10. Nxd4 e5 11. Nde2 Qa5 12. h3 Ngf6 13. Qxd6 exf4 14.
Qxf4 b5 15. e5 Nh5 16. Qe4 Rb8 17. e6 Nhf6 18. Qe3 Nb6 19. exf7+ Rxf7 20. Nd4
Nbd5 21. Nxd5 Nxd5 22. Qb3 Bb7 23. Bh2 Rd8 24. Bxb5 Bh6+ 25. Kb1 Ne3 26. Bc4
Nxc4 27. Qxc4 Bxg2 28. Nc6 Rxd1+ 29. Rxd1 Bxc6 30. Qxc6 Qh5 31. Qc8+ Bf8 32.
Qg4 Qb5 33. a4 Qa6 34. Be5 Rf1 35. Rxf1 Qxf1+ 36. Ka2 Qf7+ 37. b3 h5 38. Qc4
Qxc4 39. bxc4 Kf7 40. Bd4 a6 41. c5 Ke6 42. c6 Bd6 43. Bb6 g5 44. Kb3 g4 45.
hxg4 hxg4 46. c7 Kd7 47. c8=Q+ Kxc8 48. Bg1 Kd7 49. Kc4 Kc6 50. Kd3 g3 51. Kc4
Bc7 52. Be3 Bb6 53. Bf4 g2 54. Bh2 g1=Q 55. Bxg1 Bxg1 56. Kb4 Bb6 57. Kc4 a5
58. Kb3 Kc5 59. Kc3 Bd8 60. Kb3 Bf6 0-1

[Event "Stuttgarter Stadtmeisterschaft A-Turnie"]
[Site "Ditzingen"]
[Date "2009.05.24"]
[Round "7.33"]
[White "Jurasin, Marin"]
[Black "Jehle, Anja"]
[Result "1-0"]
[WhiteElo "2105"]
[BlackElo "1950"]
[PlyCount "67"]
[EventDate "2009.??.??"]

1. Nf3 Nf6 2. c4 g6 3. d4 Bg7 4. Nc3 d6 5. e4 Nbd7 6. Be2 O-O 7. O-O e5 8. Bg5
h6 9. Bh4 Qe8 10. Nb5 Qd8 11. dxe5 dxe5 12. Qc2 a6 13. Nc3 c6 14. Rad1 Qc7 15.
b4 Re8 16. Nd2 g5 17. Bg3 Nf8 18. c5 Ng6 19. Nc4 h5 20. f3 Be6 21. Nd6 Red8 22.
Bc4 Bf8 23. Bxe6 fxe6 24. Nc4 Nf4 25. Bf2 Be7 26. Be3 g4 27. Bxf4 exf4 28. e5
Nd5 29. Qg6+ Kh8 30. Qxh5+ Kg7 31. Qxg4+ Kh7 32. Ne4 Rg8 33. Qh3+ Kg7 34. Qxe6
1-0